Govt. of
Madhya Pradesh

The Collected work Of Freedom Fighter RASH BEHARI BOSE (Record no. 68138)

MARC details
000 -LEADER
fixed length control field 00274nam a22001097a 4500
082 ## - DEWEY DECIMAL CLASSIFICATION NUMBER
Classification number 920/DAS
100 ## - MAIN ENTRY--AUTHOR NAME
Personal name Das, Dr.Asitabha
245 ## - TITLE STATEMENT
Title The Collected work Of Freedom Fighter RASH BEHARI BOSE
260 ## - PUBLICATION, DISTRIBUTION, ETC. (IMPRINT)
Place of publication kolkata
Name of publisher Alpana
Year of publication 2023
650 ## - SUBJECT ADDED ENTRY--TOPICAL TERM
Topical Term Biography
942 ## - ADDED ENTRY ELEMENTS (KOHA)
Koha item type Books
Holdings
Withdrawn status Lost status Damaged status Not for loan Home library Current library Date acquired Cost, normal purchase price Full call number Accession Number Price effective from Koha item type
        MACL MACL 17/09/2025 425.00 920/DAS CRE040314 17/09/2025 Books